01609nam a22001697a 450000500170000000800410001704000200005808200240007811000920010224501590019426000240035330000070037750508670038465000530125171000110130485601240131520260617103618.0260616b |||||||| |||| 00| 0 SPA d aDGIPcDGIPeRDA aIDEICE 371.26 I59b  aInstituto Dominicano de Evaluación e Investigación de la Calidad Educativa , IDEICE aInforme de ejecución de la primera convocatoria de Preiet 2025c Instituto Dominicano de Evaluación e Investigación de la Calidad Educativa , IDEICE aSanto Domingoc2025 c34 aEl presente documento recoge el informe de implementación de la primera convocatoria del Premio a la Evaluación e Investigación Educativa Transformadora (Preiet) 2025. Su finalidad es constituirse en una experiencia de referencia para las futuras convocatorias del Preiet. Con este propósito, se presentan inicialmente la concepción y fundamentos del premio, los objetivos planteados, la población destinataria, los aspectos metodológicos, los criterios de evaluación establecidos y los requisitos de postulación. Posteriormente, se describe la organización y desarrollo de la convocatoria, finalizando con los resultados alcanzados. Esta iniciativa es desarrollada por el Instituto Dominicano de Evaluación e Investigación de la Calidad Educativa (Ideice), en coordinación con el Ministerio de Educación de la República Dominicana. aInvestigación Educativa , Calidad Educativa,  aIDEICE uhttps://ideice.gob.do/documentacion/publicaciones-id-235-informe-de-ejecucion-de-la-primera-convocatoria-de-preiet-2025